[Event "Rheinland Pfalz op 4th"]
[Site "Altenkirchen"]
[Date "2012.06.08"]
[Round "3"]
[White "Andrijenko, Anatoliy"]
[Black "Kolomysov, Mark"]
[Result "1-0"]
[WhiteElo "1714"]
[BlackElo "1264"]
[PlyCount "59"]
[EventDate "2012.06.07"]
[EventType "swiss"]
[EventRounds "7"]
[EventCountry "GER"]
[SourceTitle "CBM 148 Extra"]
[Source "ChessBase"]
[SourceDate "2012.06.22"]
[SourceVersion "1"]
[SourceVersionDate "2012.06.22"]
[SourceQuality "1"]

1. e4 c5 2. Bc4 Nc6 3. c3 d6 4. Ne2 Nf6 5. d3 g6 6. 0-0 Bg7 7. Bg5 0-0 8. a4 Bd7 9. Nd2 Ne5 10. f4 Neg4 11. f5 gxf5 12. exf5 h6 13. Bxf6 Bxf6 14. Rf3 Ne5 15. Rg3+ Kh7 16. Ne4 Nxc4 17. Nxf6+ exf6 18. dxc4 Bxf5 19. Qd5 Qd7 20. Rf1 Be6 21. Qd3+ f5 22. Rh3 Rg8 23. Rf4 Rg6 24. Rfh4 f4 25. Rxh6+ Kg7 26. Rh7+ Kf6 27. Rf3 Rg4 28. Nxf4 Bf5 29. Nh5+ Ke5 30. Qd5# 1-0

[Event "Rheinland Pfalz op 4th"]
[Site "Altenkirchen"]
[Date "2012.06.07"]
[Round "2"]
[White "Hertlein, Alexander"]
[Black "Kolomysov, Mark"]
[Result "1/2-1/2"]
[WhiteElo "1750"]
[BlackElo "1264"]
[PlyCount "38"]
[EventDate "2012.06.07"]
[EventType "swiss"]
[EventRounds "7"]
[EventCountry "GER"]
[SourceTitle "CBM 148 Extra"]
[Source "ChessBase"]
[SourceDate "2012.06.22"]
[SourceVersion "1"]
[SourceVersionDate "2012.06.22"]
[SourceQuality "1"]

1. d4 Nf6 2. c4 e5 3. e3 exd4 4. exd4 Bb4+ 5. Bd2 Qe7+ 6. Qe2 Bxd2+ 7. Nxd2 Nc6 8. Ngf3 Qxe2+ 9. Bxe2 d5 10. 0-0 0-0 11. cxd5 Nxd5 12. Bc4 Nb6 13. Bb5 Bd7 14. Rac1 a6 15. Bxc6 Bxc6 16. Ne5 Bb5 17. Rfe1 Nd5 18. b3 f6 19. Nec4 Nb4 1/2-1/2